KARTKÓWKA 1 - Statystyki

Ogólne statystyki
  • Ten quiz został rozwiązany 2 razy
  • Średni wynik to 2 z 15
Statystyki odpowiedzi
pytanie odpowiedź % Poprawnych
Ona jest wyczerpana She is exhausted
100%
Zawstydzony embarrassed
50%
moi dziadkowie musza rozwiazac ten powazny problem my grandparents have to solve this serious problem
50%
on szaleje na punkcie swojej dziewczyny he is crazy about his girlfriend
0%
podziwiam mojego wujka za jego przyjazny stosunek do niegrzecznych nastolatkow i admire my uncle for his friendly attitude towards naughty teenagers
0%
Jestem W niebo wzięta I am taken to heaven
0%
Zaczełam uprawiać golf ostatnio I took up playing golf recently
0%
Zainspirowala mnie ta ciekawa ksiazka I was inspired by this interesting book
0%
Jerry nie interesuje sie geografia, ale historia Jerry is not interested geograpy but in history
0%
Moj wujek zzielenial ze zlosci kiedy dowiedzial sie prawdy my uncle turned green when he found out the truth
0%
Ona byla przerazona kiedy to zobaczyla She was terrified when she saw it
0%
Niesmialy , uparty , hojny , zly shy stabborn generous angry
0%
Dziekuje za twoja zyczliwosc thank you for your kindness
0%
Dorosli w polsce musza ograniczyc jedzenie miesa the adults in poland must limit eating meat
0%
wpadlem na swietny pomysl wczoraj yesterday i got an great idea
0%
Nie znaleziono quizów pasujących do podanych kryteriów
Rozkład punktacji
Procent ludzi z każdym wynikiem
Percentyl według liczby udzielonych odpowiedzi
Twoja historia wyników
Nie rozwiązałeś tego quizu